[Event "17. Obert Int. Sant Marti 2015"]
[Site "Barcelona ESP"]
[Date "2015.07.18"]
[Round "6.18"]
[White "Cruz, Jonathan"]
[Black "Capellades Subirana, Marc"]
[Result "1-0"]
[WhiteElo "2453"]
[BlackElo "2213"]
[PlyCount "93"]
[EventDate "2015.07.13"]
[EventType "swiss"]
[EventRounds "9"]
[EventCountry "ESP"]
[SourceTitle "Ajedrez en Madrid"]
[Source "lmi"]
[SourceDate "2013.07.13"]
[SourceVersion "1"]
[SourceVersionDate "2019.06.24"]
[SourceQuality "1"]

1. c4 f5 2. Nf3 Nf6 3. g3 d6 4. d4 e6 5. Bg2 Be7 6. O-O O-O 7. b3 Ne4 8. Bb2
Bf6 9. Qc2 Nd7 10. Nc3 Nxc3 11. Bxc3 Qe7 12. e4 fxe4 13. Qxe4 c5 14. Rad1 cxd4
15. Bxd4 Nc5 16. Qe3 e5 17. Bxc5 dxc5 18. Rd5 e4 19. Ng5 b6 20. Nxe4 Bd4 21.
Qg5 Qxg5 22. Nxg5 Bb7 23. Ne6 Bxd5 24. Bxd5 Kh8 25. Bxa8 Rxa8 26. Nxd4 cxd4 27.
Rd1 Rd8 28. f4 Kg8 29. Kf2 Kf7 30. Kf3 Kf6 31. Rd2 g5 32. fxg5+ Kxg5 33. Ke4 h5
34. Rxd4 Re8+ 35. Kd3 Re1 36. h4+ Kg6 37. Rd6+ Kh7 38. Rd5 Kh6 39. Rg5 Ra1 40.
a4 Rf1 41. Kc3 Rf3+ 42. Kb4 a5+ 43. Ka3 Re3 44. g4 hxg4 45. Rxg4 Kh5 46. Rg5+
Kh6 47. c5 1-0

[Event "17. Obert Int. Sant Marti 2015"]
[Site "Barcelona ESP"]
[Date "2015.07.18"]
[Round "6.19"]
[White "Das, Sayantan"]
[Black "Mateus, Alejandro"]
[Result "1-0"]
[WhiteElo "2444"]
[BlackElo "2283"]
[PlyCount "73"]
[EventDate "2015.07.13"]
[EventType "swiss"]
[EventRounds "9"]
[EventCountry "ESP"]
[SourceTitle "Ajedrez en Madrid"]
[Source "lmi"]
[SourceDate "2013.07.13"]
[SourceVersion "1"]
[SourceVersionDate "2019.06.24"]
[SourceQuality "1"]

1. e4 c5 2. Nf3 d6 3. d4 Nf6 4. Nc3 cxd4 5. Nxd4 a6 6. Bg5 Nbd7 7. Qe2 g6 8.
O-O-O Bg7 9. f4 Qa5 10. Kb1 O-O 11. g3 Re8 12. Bg2 Nc5 13. e5 dxe5 14. fxe5 Ng4
15. Nf3 Be6 16. h3 Nh6 17. g4 f6 18. Bxh6 Bxh6 19. Nd4 Kh8 20. h4 fxe5 21. Nxe6
Nxe6 22. Nd5 Nd4 23. Qe4 Rf8 24. g5 e6 25. Ne3 Bg7 26. h5 gxh5 27. Rxh5 Nf5 28.
Nxf5 exf5 29. Qh4 Rfd8 30. Rxh7+ Kg8 31. Rxg7+ Kxg7 32. Qh6+ Kf7 33. Qf6+ Ke8
34. Qe6+ Kf8 35. Qxf5+ Ke7 36. Qf6+ Ke8 37. Qe6+ 1-0

[Event "17. Obert Int. Sant Marti 2015"]
[Site "Barcelona ESP"]
[Date "2015.07.18"]
[Round "6.20"]
[White "Fernandez Diaz, Cristian"]
[Black "Oliva Castaneda, Kevel"]
[Result "0-1"]
[WhiteElo "2272"]
[BlackElo "2488"]
[PlyCount "68"]
[EventDate "2015.07.13"]
[EventType "swiss"]
[EventRounds "9"]
[EventCountry "ESP"]
[SourceTitle "Ajedrez en Madrid"]
[Source "lmi"]
[SourceDate "2013.07.13"]
[SourceVersion "1"]
[SourceVersionDate "2019.06.24"]
[SourceQuality "1"]

1. d4 d5 2. c4 c6 3. Nf3 Nf6 4. Nc3 dxc4 5. a4 Bf5 6. Nh4 Bc8 7. Nf3 Bf5 8. Nh4
e6 9. Nxf5 exf5 10. e3 Bd6 11. Bxc4 O-O 12. Qf3 g6 13. h3 h5 14. Bd2 Nbd7 15.
g4 fxg4 16. hxg4 hxg4 17. Qg2 c5 18. O-O-O cxd4 19. exd4 Qc7 20. Ba2 Bf4 21. f3
g3 22. Rh4 Nh5 23. Rdh1 Ndf6 24. Kb1 Bxd2 25. Qxd2 Kg7 26. Rxh5 Nxh5 27. Rxh5
Rh8 28. Rc5 Rh1+ 29. Kc2 Qd7 30. Qf4 g2 31. Rc7 Qf5+ 32. Qxf5 gxf5 33. Rxf7+
Kh8 34. Ne2 Re8 0-1

[Event "17. Obert Int. Sant Marti 2015"]
[Site "Barcelona ESP"]
[Date "2015.07.18"]
[Round "6.21"]
[White "Kanmazalp, Ogulcan"]
[Black "Minko, Vladimir"]
[Result "1-0"]
[WhiteElo "2468"]
[BlackElo "2226"]
[PlyCount "147"]
[EventDate "2015.07.13"]
[EventType "swiss"]
[EventRounds "9"]
[EventCountry "ESP"]
[SourceTitle "Ajedrez en Madrid"]
[Source "lmi"]
[SourceDate "2013.07.13"]
[SourceVersion "1"]
[SourceVersionDate "2019.06.24"]
[SourceQuality "1"]

1. e4 c5 2. Nf3 e6 3. d4 cxd4 4. Nxd4 Nc6 5. Nc3 Qc7 6. Be2 a6 7. O-O Nf6 8.
Be3 Bb4 9. Na4 O-O 10. c4 Be7 11. Nc3 b6 12. Rc1 Nxd4 13. Bxd4 d6 14. Qd2 Bb7
15. f3 Nd7 16. Rfd1 Rfd8 17. Kh1 Rac8 18. Bf1 Qb8 19. Qf2 Bc6 20. b4 h6 21. Qg3
Bf6 22. Be3 Be5 23. Qf2 Bf6 24. Qg3 Be5 25. Qf2 Bf6 26. Ne2 Ba4 27. Re1 b5 28.
cxb5 Bxb5 29. Nf4 Bxf1 30. Qxf1 Qxb4 31. Qxa6 Ra8 32. Qe2 Qa3 33. Rc2 Rdc8 34.
Rec1 Rxc2 35. Rxc2 Rb8 36. g3 Nc5 37. Kg2 Na4 38. Qd3 Qxd3 39. Nxd3 Bc3 40. Kf2
Kf8 41. Bd2 Bxd2 42. Rxd2 Rc8 43. Nb4 Ke7 44. Rc2 Rxc2+ 45. Nxc2 Kd7 46. Ke3
Kc6 47. Kd4 Kb5 48. Na3+ Kb4 49. Nc2+ Kb5 50. f4 Nb6 51. g4 f6 52. Kd3 e5 53.
fxe5 fxe5 54. Ne3 g6 55. h4 Nd7 56. Nd5 g5 57. h5 Nc5+ 58. Ke3 Nd7 59. Kf3 Kc5
60. Ne7 Nf6 61. Nf5 d5 62. exd5 e4+ 63. Kg3 Kxd5 64. Nxh6 Kd4 65. Nf5+ Kc3 66.
h6 Kb4 67. Ne3 Ka3 68. Nd5 Nh7 69. Nc3 Nf6 70. Kg2 e3 71. Kf3 Kb2 72. Nd5 Kc2
73. Nxe3+ Kb2 74. Nd5 1-0

[Event "17. Obert Int. Sant Marti 2015"]
[Site "Barcelona ESP"]
[Date "2015.07.18"]
[Round "6.22"]
[White "Froewis, Georg"]
[Black "Raja, Harshit"]
[Result "1-0"]
[WhiteElo "2434"]
[BlackElo "2205"]
[PlyCount "59"]
[EventDate "2015.07.13"]
[EventType "swiss"]
[EventRounds "9"]
[EventCountry "ESP"]
[SourceTitle "Ajedrez en Madrid"]
[Source "lmi"]
[SourceDate "2013.07.13"]
[SourceVersion "1"]
[SourceVersionDate "2019.06.24"]
[SourceQuality "1"]

1. g3 e5 2. Bg2 Nf6 3. d3 d5 4. Nf3 Nc6 5. a3 a5 6. O-O Bd6 7. c4 dxc4 8. dxc4
O-O 9. Nc3 h6 10. b3 Bf5 11. Bb2 Qe7 12. Nd5 Nxd5 13. cxd5 Nb8 14. Nd2 Nd7 15.
e4 Bg6 16. Nc4 Nc5 17. f4 f6 18. fxe5 Bxe5 19. Nxe5 fxe5 20. Qc2 Rxf1+ 21. Rxf1
b6 22. b4 axb4 23. axb4 Nd7 24. Qc6 Ra2 25. Qc4 Ra8 26. d6+ Bf7 27. Qc6 Qe8 28.
Bh3 Nf6 29. d7 Qd8 30. Bxe5 1-0

[Event "17. Obert Int. Sant Marti 2015"]
[Site "Barcelona ESP"]
[Date "2015.07.18"]
[Round "6.23"]
[White "Kantsler, Boris"]
[Black "Olivares Canelles, Francisco"]
[Result "0-1"]
[WhiteElo "2415"]
[BlackElo "2270"]
[PlyCount "66"]
[EventDate "2015.07.13"]
[EventType "swiss"]
[EventRounds "9"]
[EventCountry "ESP"]
[SourceTitle "Ajedrez en Madrid"]
[Source "lmi"]
[SourceDate "2013.07.13"]
[SourceVersion "1"]
[SourceVersionDate "2019.06.24"]
[SourceQuality "1"]

1. Nf3 Nf6 2. g3 d5 3. Bg2 e6 4. O-O Be7 5. d3 O-O 6. Nbd2 c5 7. e4 Nc6 8. Re1
b5 9. e5 Nd7 10. Nf1 Qc7 11. Bf4 Bb7 12. h4 Rfc8 13. N1h2 Qd8 14. Ng4 Bf8 15.
Bh3 h6 16. Qd2 a5 17. Kh2 a4 18. a3 b4 19. Bg2 bxa3 20. bxa3 Ba6 21. Reb1 Rab8
22. Re1 Na5 23. Kg1 c4 24. d4 c3 25. Qc1 Nb3 26. cxb3 axb3 27. Rb1 Bd3 28. Qd1
Bxb1 29. Qxb1 c2 30. Qb2 Qa5 31. Ra1 Qc3 32. Bc1 Qxb2 33. Bxb2 Nb6 0-1

[Event "17. Obert Int. Sant Marti 2015"]
[Site "Barcelona ESP"]
[Date "2015.07.18"]
[Round "6.24"]
[White "Stoeri, Simon"]
[Black "Akbarinia, Sayed Arash"]
[Result "0-1"]
[WhiteElo "2229"]
[BlackElo "2413"]
[PlyCount "92"]
[EventDate "2015.07.13"]
[EventType "swiss"]
[EventRounds "9"]
[EventCountry "ESP"]
[SourceTitle "Ajedrez en Madrid"]
[Source "lmi"]
[SourceDate "2013.07.13"]
[SourceVersion "1"]
[SourceVersionDate "2019.06.24"]
[SourceQuality "1"]

1. e4 e6 2. d4 d5 3. Nd2 c5 4. exd5 exd5 5. Ngf3 Nc6 6. Bb5 Bd6 7. dxc5 Bxc5 8.
O-O Nge7 9. Nb3 Bd6 10. Bg5 O-O 11. c3 Qc7 12. Nbd4 Bg4 13. Be2 a6 14. Bh4 Nxd4
15. Nxd4 Bxe2 16. Qxe2 Bxh2+ 17. Kh1 Bd6 18. Rad1 Ng6 19. Qh5 Nxh4 20. Qxh4
Rfe8 21. Nf5 Re5 22. Qg5 g6 23. g4 Qd8 24. Nh6+ Kg7 25. Nf5+ Kg8 26. Nh6+ Kf8
27. Qxd8+ Rxd8 28. f4 Re3 29. g5 Be7 30. Rd2 Re4 31. Kg2 d4 32. Kf3 Re3+ 33.
Kf2 Re6 34. Rfd1 Bd6 35. f5 Ree8 36. fxg6 hxg6 37. Kg2 dxc3 38. bxc3 Bc7 39.
Rf2 f5 40. Rb1 b5 41. Ng4 Bb6 42. Rf3 Rd2+ 43. Kf1 Kg7 44. Nf6 Rh8 45. Ke1 Rxa2
46. Rd1 Rh1+ 0-1

[Event "17. Obert Int. Sant Marti 2015"]
[Site "Barcelona ESP"]
[Date "2015.07.18"]
[Round "6.25"]
[White "Perpinya Rofes, Lluis Maria"]
[Black "Nabuurs, Mart"]
[Result "1/2-1/2"]
[WhiteElo "2398"]
[BlackElo "2247"]
[PlyCount "110"]
[EventDate "2015.07.13"]
[EventType "swiss"]
[EventRounds "9"]
[EventCountry "ESP"]
[SourceTitle "Ajedrez en Madrid"]
[Source "lmi"]
[SourceDate "2013.07.13"]
[SourceVersion "1"]
[SourceVersionDate "2019.06.24"]
[SourceQuality "1"]

1. e4 c5 2. Nf3 d6 3. d4 cxd4 4. Nxd4 Nf6 5. Nc3 a6 6. Be3 e5 7. Nf3 Be7 8. Bc4
Be6 9. Bxe6 fxe6 10. Ng5 Qd7 11. Qf3 Nc6 12. Qh3 O-O 13. Qxe6+ Qxe6 14. Nxe6
Rfc8 15. O-O-O b5 16. Nd5 Nxd5 17. exd5 Kf7 18. c3 Na5 19. Kb1 Rab8 20. b3 Nb7
21. Kb2 h6 22. h4 Nc5 23. Bxc5 dxc5 24. f4 exf4 25. Nxf4 Bf6 26. Kc2 c4 27. b4
a5 28. a3 Ra8 29. Ra1 Rd8 30. h5 Bg5 31. Rhf1 Kg8 32. bxa5 Bxf4 33. Rxf4 Rxd5
34. g4 Rxa5 35. Re1 Ra8 36. Re7 Rad8 37. Rf2 Rd3 38. Rb7 Rg3 39. Rxb5 Rdd3 40.
Kb2 Rxc3 41. Rb8+ Kh7 42. Rff8 Rb3+ 43. Rxb3 Rxb3+ 44. Ka2 Rg3 45. Rf4 c3 46.
Rc4 c2 47. Kb2 c1=Q+ 48. Rxc1 Rxg4 49. Rc5 g6 50. Rc7+ Kg8 51. hxg6 Rxg6 52. a4
h5 53. a5 h4 54. Rc3 Ra6 55. Ra3 h3 1/2-1/2

[Event "17. Obert Int. Sant Marti 2015"]
[Site "Barcelona ESP"]
[Date "2015.07.18"]
[Round "6.26"]
[White "Ayza Leon, David"]
[Black "Valdes Romero, Leonardo"]
[Result "1-0"]
[WhiteElo "2208"]
[BlackElo "2396"]
[PlyCount "97"]
[EventDate "2015.07.13"]
[EventType "swiss"]
[EventRounds "9"]
[EventCountry "ESP"]
[SourceTitle "Ajedrez en Madrid"]
[Source "lmi"]
[SourceDate "2013.07.13"]
[SourceVersion "1"]
[SourceVersionDate "2019.06.24"]
[SourceQuality "1"]

1. e4 d6 2. d4 Nf6 3. Nc3 e5 4. Nf3 Nbd7 5. Be2 Be7 6. O-O O-O 7. a4 c6 8. h3
b6 9. Be3 a6 10. Re1 Rb8 11. Nd2 exd4 12. Bxd4 c5 13. Be3 Bb7 14. f4 d5 15.
exd5 Nxd5 16. Nxd5 Bxd5 17. Bxa6 Bh4 18. Rf1 Re8 19. Bf2 Bf6 20. c3 Nf8 21. Bb5
Re7 22. f5 Qc7 23. Qg4 Rd8 24. Rad1 Qb7 25. h4 h5 26. Qh3 Qc8 27. Nc4 Bxc4 28.
Bxc4 Re4 29. b3 Rde8 30. Qf3 Qc7 31. Qxh5 Bxc3 32. Bg3 Qe7 33. f6 Bxf6 34. Bd6
Qa7 35. Rxf6 gxf6 36. Rd3 Kg7 37. Bxf8+ Kxf8 38. Qh8+ Ke7 39. Qh7 Kf8 40. Rg3
R8e6 41. Bxe6 Re1+ 42. Kf2 Rxe6 43. Rg8+ Ke7 44. Rg7 Qa6 45. Rxf7+ Kd6 46. Rd7+
Kc6 47. Rc7+ Kd6 48. Qd7+ Ke5 49. Ra7 1-0

[Event "17. Obert Int. Sant Marti 2015"]
[Site "Barcelona ESP"]
[Date "2015.07.18"]
[Round "6.27"]
[White "Satyapragyan, Swayangsu"]
[Black "Sanchez Sandoval, Gonzalo"]
[Result "1-0"]
[WhiteElo "2392"]
[BlackElo "2205"]
[PlyCount "47"]
[EventDate "2015.07.13"]
[EventType "swiss"]
[EventRounds "9"]
[EventCountry "ESP"]
[SourceTitle "Ajedrez en Madrid"]
[Source "lmi"]
[SourceDate "2013.07.13"]
[SourceVersion "1"]
[SourceVersionDate "2019.06.24"]
[SourceQuality "1"]

1. e4 c5 2. Nf3 d6 3. Bb5+ Bd7 4. Bxd7+ Nxd7 5. O-O Ngf6 6. Qe2 e6 7. b3 Be7 8.
Bb2 O-O 9. c4 Rc8 10. d4 cxd4 11. Nxd4 a6 12. Nc3 Qc7 13. Rad1 Rfe8 14. f4 Bf8
15. Kh1 Qb8 16. Nf3 Red8 17. e5 Ne8 18. Ne4 b5 19. Nfg5 g6 20. Nxf7 Kxf7 21.
Ng5+ Kg8 22. exd6 Ng7 23. Bxg7 Kxg7 24. Qxe6 1-0

[Event "17. Obert Int. Sant Marti 2015"]
[Site "Barcelona ESP"]
[Date "2015.07.18"]
[Round "6.28"]
[White "Shashikant, Kutwal"]
[Black "Konguvel, Ponnuswamy"]
[Result "0-1"]
[WhiteElo "2202"]
[BlackElo "2337"]
[PlyCount "76"]
[EventDate "2015.07.13"]
[EventType "swiss"]
[EventRounds "9"]
[EventCountry "ESP"]
[SourceTitle "Ajedrez en Madrid"]
[Source "lmi"]
[SourceDate "2013.07.13"]
[SourceVersion "1"]
[SourceVersionDate "2019.06.24"]
[SourceQuality "1"]

1. e4 e5 2. Nf3 Nc6 3. Bb5 g6 4. c3 a6 5. Ba4 d6 6. d4 Bd7 7. O-O Bg7 8. Bg5 f6
9. Be3 Nh6 10. dxe5 fxe5 11. Bb3 Qe7 12. Bg5 Qf8 13. Nbd2 Nf7 14. Bh4 h6 15. a4
g5 16. Bg3 Ne7 17. Nc4 h5 18. h4 Bf6 19. Ne3 gxh4 20. Nxh4 O-O-O 21. Nef5 Ng5
22. Nxe7+ Qxe7 23. Ng6 Qg7 24. Nxh8 Rxh8 25. Qd3 Ne6 26. Bd5 Rg8 27. Qc4 Qg4
28. Rfd1 h4 29. Rd3 Rg7 30. Ra3 Nf4 31. Bxb7+ Kd8 32. Rf3 hxg3 33. fxg3 Bh4 34.
Rxf4 exf4 35. e5 Qxg3 36. Ra1 Qe3+ 37. Kh1 Bf2 38. Be4 Qg3 0-1

[Event "17. Obert Int. Sant Marti 2015"]
[Site "Barcelona ESP"]
[Date "2015.07.18"]
[Round "6.29"]
[White "Puranik, Abhimanyu"]
[Black "Glimbrant, Torbjorn"]
[Result "1-0"]
[WhiteElo "2328"]
[BlackElo "2197"]
[PlyCount "178"]
[EventDate "2015.07.13"]
[EventType "swiss"]
[EventRounds "9"]
[EventCountry "ESP"]
[SourceTitle "Ajedrez en Madrid"]
[Source "lmi"]
[SourceDate "2013.07.13"]
[SourceVersion "1"]
[SourceVersionDate "2019.06.24"]
[SourceQuality "1"]

1. e4 e6 2. d4 d5 3. Nd2 c5 4. exd5 exd5 5. Ngf3 Nc6 6. Bb5 Bd6 7. dxc5 Bxc5 8.
O-O Nge7 9. Nb3 Bd6 10. Re1 O-O 11. Bd3 h6 12. h3 Nf5 13. c3 Qf6 14. Bc2 Be6
15. Qd3 Rfd8 16. Bd2 g6 17. Qb5 Rac8 18. Qxb7 Nh4 19. Nxh4 Qxh4 20. Re3 d4 21.
cxd4 Bd5 22. Qb5 Bf4 23. Rd3 Bxd2 24. Rxd2 Bxb3 25. Bxb3 Nxd4 26. Qa5 Nxb3 27.
axb3 Rd4 28. Rad1 Rxd2 29. Qxd2 h5 30. Rc1 Rxc1+ 31. Qxc1 Qe7 32. Qc3 Qe4 33.
b4 Qb1+ 34. Kh2 Qe4 35. Qc8+ Kg7 36. Qc5 Qf4+ 37. g3 Qb8 38. h4 a6 39. Kg1 Qb7
40. Qd4+ Kg8 41. Kf1 Qb5+ 42. Ke1 Qa4 43. Kd2 Qb3 44. Ke2 Qc2+ 45. Ke3 Qf5 46.
Kd2 Qb5 47. Kc3 Qf1 48. Kb3 Qb5 49. Qc5 Qd7 50. Kc4 Qd2 51. Qd4 Qc2+ 52. Kd5
Qe2 53. Kc6 Qb5+ 54. Kc7 Kh7 55. Qc5 Qe2 56. Kb7 Kg8 57. Qd4 Qb5+ 58. Ka7 Qe2
59. Qf6 Qc4 60. Qxa6 Qxb4 61. Qb6 Qa4+ 62. Kb8 Qe8+ 63. Kc7 Qe5+ 64. Kc6 Qe6+
65. Kc5 Qe5+ 66. Kc4 Qe2+ 67. Kc3 Qe1+ 68. Kd3 Qd1+ 69. Ke3 Qe1+ 70. Kf3 Qh1+
71. Kf4 Qc1+ 72. Ke5 Qc2 73. Qd4 Qf5+ 74. Kd6 Qe6+ 75. Kc5 Qc8+ 76. Kb4 Qb7+
77. Kc3 Qc7+ 78. Kd2 Qa5+ 79. b4 Qa2+ 80. Ke3 Qb1 81. Qc5 Qe1+ 82. Kf3 Qh1+ 83.
Kf4 Qd1 84. b5 Qa4+ 85. Ke3 Qd1 86. b6 Qb3+ 87. Kf4 Kg7 88. Qc6 f6 89. b7 Kh6
1-0

[Event "17. Obert Int. Sant Marti 2015"]
[Site "Barcelona ESP"]
[Date "2015.07.18"]
[Round "6.30"]
[White "Juan Bartroli, Pau"]
[Black "Forsa, Espen"]
[Result "1/2-1/2"]
[WhiteElo "2195"]
[BlackElo "2304"]
[PlyCount "77"]
[EventDate "2015.07.13"]
[EventType "swiss"]
[EventRounds "9"]
[EventCountry "ESP"]
[SourceTitle "Ajedrez en Madrid"]
[Source "lmi"]
[SourceDate "2013.07.13"]
[SourceVersion "1"]
[SourceVersionDate "2019.06.24"]
[SourceQuality "1"]

1. d4 d5 2. c4 c6 3. Nf3 e6 4. e3 Bd6 5. Bd3 f5 6. O-O Nf6 7. b3 Qe7 8. Bb2 O-O
9. Qc1 b6 10. Ba3 Bb7 11. Bxd6 Qxd6 12. Qa3 c5 13. Nbd2 Ne4 14. Rfd1 Nxd2 15.
Nxd2 Nd7 16. Be2 f4 17. Bf3 fxe3 18. fxe3 Qe7 19. Re1 Qf6 20. Qb2 a5 21. Rad1
Rae8 22. Rf1 Qg5 23. Rde1 Re7 24. Qc3 Rfe8 25. h3 h5 26. dxc5 Nxc5 27. a3 Rc7
28. Qd4 Rd8 29. Qc3 dxc4 30. Nxc4 Rd3 31. Qc2 Rxb3 32. Bxb7 Rxb7 33. Nd6 Rd7
34. Ne4 Qd5 35. Nxc5 bxc5 36. Rd1 Rd3 37. Rxd3 Qxd3 38. Qxc5 Qd5 39. Qc3
1/2-1/2

[Event "17. Obert Int. Sant Marti 2015"]
[Site "Barcelona ESP"]
[Date "2015.07.18"]
[Round "6.31"]
[White "Derakhshani, Borna"]
[Black "Vittorino, Carlo Giovanni"]
[Result "0-1"]
[WhiteElo "2079"]
[BlackElo "2301"]
[PlyCount "66"]
[EventDate "2015.07.13"]
[EventType "swiss"]
[EventRounds "9"]
[EventCountry "ESP"]
[SourceTitle "Ajedrez en Madrid"]
[Source "lmi"]
[SourceDate "2013.07.13"]
[SourceVersion "1"]
[SourceVersionDate "2019.06.24"]
[SourceQuality "1"]

1. e4 c5 2. Nf3 d6 3. d4 Nf6 4. Nc3 cxd4 5. Nxd4 g6 6. g3 Nc6 7. Nde2 Bd7 8.
Bg2 Qc8 9. O-O Bh3 10. Bxh3 Qxh3 11. Nf4 Qd7 12. Nfd5 Bg7 13. Bg5 Ng4 14. f3
Nge5 15. f4 Nc4 16. Qd3 Nxb2 17. Qb5 h6 18. Bh4 Bd4+ 19. Kg2 g5 20. Bxg5 hxg5
21. f5 O-O-O 22. Qxb2 e6 23. Nb4 Na5 24. Rae1 Nc4 25. Qb3 Nd2 26. Qa3 Nxf1 27.
Rxf1 Kb8 28. Ne2 Bb6 29. Qb3 d5 30. Rd1 Qb5 31. Nc3 Qc5 32. Nd3 Qd4 33. e5 Rc8
0-1

[Event "17. Obert Int. Sant Marti 2015"]
[Site "Barcelona ESP"]
[Date "2015.07.18"]
[Round "6.32"]
[White "Pettersen, Joar Gullestad"]
[Black "Piasetski, Leon"]
[Result "0-1"]
[WhiteElo "1968"]
[BlackElo "2289"]
[PlyCount "60"]
[EventDate "2015.07.13"]
[EventType "swiss"]
[EventRounds "9"]
[EventCountry "ESP"]
[SourceTitle "Ajedrez en Madrid"]
[Source "lmi"]
[SourceDate "2013.07.13"]
[SourceVersion "1"]
[SourceVersionDate "2019.06.24"]
[SourceQuality "1"]

1. e4 c5 2. Nf3 Nc6 3. d4 cxd4 4. Nxd4 Qb6 5. Nb3 Nf6 6. Nc3 e6 7. a3 Qc7 8. f4
d6 9. Be3 a6 10. Qe2 Be7 11. O-O-O b5 12. g4 Nd7 13. g5 Rb8 14. Qf2 b4 15. axb4
Rxb4 16. Kb1 O-O 17. h4 Na5 18. Rd4 Rb8 19. Nxa5 Qxa5 20. Na2 Bb7 21. Bd2 Qb6
22. Be3 Bxe4 23. Rb4 Qc6 24. Rh2 d5 25. Rxb8 Rxb8 26. Bd4 Bc5 27. Nc1 Qb6 28.
Ne2 Qb3 29. Nc1 Qb4 30. Ne2 Qd2 0-1

[Event "17. Obert Int. Sant Marti 2015"]
[Site "Barcelona ESP"]
[Date "2015.07.18"]
[Round "6.33"]
[White "Dalo, Hermes"]
[Black "Supriya, Joshi"]
[Result "1-0"]
[WhiteElo "2274"]
[BlackElo "1953"]
[PlyCount "61"]
[EventDate "2015.07.13"]
[EventType "swiss"]
[EventRounds "9"]
[EventCountry "ESP"]
[SourceTitle "Ajedrez en Madrid"]
[Source "lmi"]
[SourceDate "2013.07.13"]
[SourceVersion "1"]
[SourceVersionDate "2019.06.24"]
[SourceQuality "1"]

1. d4 Nf6 2. c4 g6 3. Nc3 Bg7 4. e4 d6 5. Nf3 O-O 6. Be2 Na6 7. O-O e5 8. Re1
c6 9. d5 Nc5 10. Qc2 cxd5 11. cxd5 Bd7 12. b4 Na6 13. Qb3 Qb6 14. Rb1 Ng4 15.
Rf1 f5 16. h3 fxe4 17. Nxe4 Bf5 18. Bd3 Nf6 19. Be3 Qd8 20. Nfg5 Nxe4 21. Bxe4
Bxe4 22. Nxe4 b5 23. Rfc1 Nc7 24. Rc6 Ne8 25. Ng5 Qe7 26. Ne6 Rf5 27. Rbc1 h6
28. a4 a6 29. axb5 axb5 30. Qd3 Rb8 31. Rc8 1-0

[Event "17. Obert Int. Sant Marti 2015"]
[Site "Barcelona ESP"]
[Date "2015.07.18"]
[Round "6.34"]
[White "Mateus, Martha"]
[Black "Pogorelov, Ruslan"]
[Result "1/2-1/2"]
[WhiteElo "2172"]
[BlackElo "2301"]
[PlyCount "132"]
[EventDate "2015.07.13"]
[EventType "swiss"]
[EventRounds "9"]
[EventCountry "ESP"]
[SourceTitle "Ajedrez en Madrid"]
[Source "lmi"]
[SourceDate "2013.07.13"]
[SourceVersion "1"]
[SourceVersionDate "2019.06.24"]
[SourceQuality "1"]

1. e4 c5 2. c3 Nf6 3. e5 Nd5 4. d4 cxd4 5. Nf3 e6 6. Bc4 Nb6 7. Bb3 d6 8. cxd4
dxe5 9. Nxe5 Nc6 10. Qf3 Nxe5 11. dxe5 Qc7 12. Bf4 g5 13. Be3 Qxe5 14. Nc3 h5
15. O-O-O g4 16. Qe2 Bd7 17. Qd2 Qc7 18. Bg5 Bg7 19. Kb1 O-O 20. h3 g3 21. Ne4
Qe5 22. Rhe1 gxf2 23. Re3 Qf5 24. Rf1 Bc6 25. Bc2 Nc4 26. Qe2 Bxe4 27. Rxe4
Na3+ 28. bxa3 Qxg5 29. Rxf2 Rad8 30. g4 h4 31. Rb4 Qd5 32. g5 a5 33. Rxh4 Rfe8
34. Rhf4 Re7 35. g6 fxg6 36. R2f3 Qc5 37. Bb3 Qe5 38. Qxe5 Bxe5 39. Re4 Bd6 40.
Rf6 Kg7 41. Rexe6 Rxe6 42. Rxe6 Bxa3 43. Bc2 b5 44. Rxg6+ Kf8 45. Rg5 Re8 46.
Bd1 Rc8 47. Bc2 Rc3 48. Rxb5 Rxh3 49. Be4 Bb4 50. Kc2 Ke7 51. Rd5 Rc3+ 52. Kd1
Ra3 53. Bb1 Re3 54. Rd3 Re1+ 55. Kc2 Ke6 56. a3 Bd6 57. Ba2+ Ke7 58. Bc4 Re4
59. Bb5 a4 60. Kd2 Bf4+ 61. Kc3 Be5+ 62. Kd2 Kf6 63. Rd8 Bf4+ 64. Kc2 Re3 65.
Ra8 Rxa3 66. Rxa4 Rxa4 1/2-1/2

[Event "17. Obert Int. Sant Marti 2015"]
[Site "Barcelona ESP"]
[Date "2015.07.18"]
[Round "6.35"]
[White "Pomini, Aurelien"]
[Black "Perez Otero, Juan Antonio"]
[Result "1-0"]
[WhiteElo "2298"]
[BlackElo "2169"]
[PlyCount "69"]
[EventDate "2015.07.13"]
[EventType "swiss"]
[EventRounds "9"]
[EventCountry "ESP"]
[SourceTitle "Ajedrez en Madrid"]
[Source "lmi"]
[SourceDate "2013.07.13"]
[SourceVersion "1"]
[SourceVersionDate "2019.06.24"]
[SourceQuality "1"]

1. e4 Nf6 2. e5 Ng8 3. d4 d6 4. f4 Bf5 5. Nf3 e6 6. Be2 Nd7 7. O-O h5 8. Be3
Nh6 9. Kh1 a6 10. c4 Ng4 11. Bg1 c5 12. Nc3 dxe5 13. fxe5 cxd4 14. Nxd4 g6 15.
Qa4 Rc8 16. Rad1 Ngxe5 17. Nxf5 gxf5 18. Bd4 Bg7 19. Rd2 Qc7 20. Rfd1 Kf8 21.
Bg1 Ke7 22. Qb4+ Kf6 23. Rd6 Kg6 24. Nd5 Qd8 25. Qxb7 Qh4 26. Rxd7 Nxd7 27.
Qxd7 exd5 28. Rxd5 Rce8 29. Qxf5+ Kh6 30. Rd6+ f6 31. Bd3 Qg5 32. Qf2 Re7 33.
Rd5 Re5 34. Rxe5 fxe5 35. Qb6+ 1-0

[Event "17. Obert Int. Sant Marti 2015"]
[Site "Barcelona ESP"]
[Date "2015.07.18"]
[Round "6.36"]
[White "Lienhard, Alex"]
[Black "Nabuurs, Joep"]
[Result "0-1"]
[WhiteElo "2139"]
[BlackElo "2293"]
[PlyCount "144"]
[EventDate "2015.07.13"]
[EventType "swiss"]
[EventRounds "9"]
[EventCountry "ESP"]
[SourceTitle "Ajedrez en Madrid"]
[Source "lmi"]
[SourceDate "2013.07.13"]
[SourceVersion "1"]
[SourceVersionDate "2019.06.24"]
[SourceQuality "1"]

1. e4 c5 2. Nc3 Nc6 3. Nf3 g6 4. d4 cxd4 5. Nxd4 Bg7 6. Be3 Nf6 7. Bc4 O-O 8.
Bb3 a5 9. O-O a4 10. Nxa4 Nxe4 11. Nb5 Ra6 12. f3 Nf6 13. Nc5 Ra8 14. c4 d6 15.
Na4 Ra6 16. Qe2 b6 17. Qf2 Nd7 18. Rad1 Na5 19. Na3 Nxb3 20. axb3 Bb7 21. Nc2
Bc6 22. Nc3 Ra8 23. Nb4 Bb7 24. Nbd5 Bxd5 25. Nxd5 Rb8 26. Ra1 b5 27. c5 Nxc5
28. Ra7 Rb7 29. Rxb7 Nxb7 30. Rc1 e6 31. Nb4 Qf6 32. Nd3 Ra8 33. h4 h6 34. b4
d5 35. Rc6 Qf5 36. Qe2 Ra1+ 37. Kh2 Nd6 38. g4 Qf6 39. Bf2 Nc4 40. b3 Ne5 41.
Nxe5 Qxe5+ 42. Qxe5 Bxe5+ 43. Bg3 Ra2+ 44. Kh3 Bxg3 45. Kxg3 Rb2 46. Rb6 Rxb3
47. Rxb5 Kg7 48. g5 e5 49. Rxd5 e4 50. Rd4 Rxf3+ 51. Kg2 hxg5 52. Rxe4 Rf5 53.
Kg3 gxh4+ 54. Kxh4 Kh6 55. Rc4 g5+ 56. Kg3 Rb5 57. Kg2 Kg6 58. Kh3 Rd5 59. Rc3
Rb5 60. Rc4 f6 61. Kg2 Kf5 62. Kf3 Ke5 63. Ke3 f5 64. Kd3 f4 65. Re4+ Kf5 66.
Rc4 g4 67. Ke2 Re5+ 68. Kf2 g3+ 69. Kf1 Kg4 70. Rc1 f3 71. Kg1 Kh3 72. Rb1 f2+
0-1